Welcome to the Holygrace Academy Library

Please use search bar below to get started

CHICKEN SOUP FOR THE MOTHERS SOUL (Record no. 26)

MARC details
000 -LEADER
fixed length control field 00388nam a22001337a 4500
020 ## - INTERNATIONAL STANDARD BOOK NUMBER
ISBN 81-87671-30-0
082 ## - DEWEY DECIMAL CLASSIFICATION NUMBER
Classification number 823
Item number CAN/C
100 ## - MAIN ENTRY--AUTHOR NAME
Personal name JACK CANFIELD, MARK VICTOR HANSEN, JENNIFER READ HAWTHORNE, MARI SHIMOFF
245 ## - TITLE STATEMENT
Title CHICKEN SOUP FOR THE MOTHERS SOUL
260 ## - PUBLICATION, DISTRIBUTION, ETC. (IMPRINT)
Place of publication INDIA
Name of publisher WESTLAND LTD
Year of publication 1997
300 ## - PHYSICAL DESCRIPTION
Number of Pages 354
650 ## - SUBJECT ADDED ENTRY--TOPICAL TERM
Topical Term REKINDLE THE HEARTS OF MOTHERS
Geographic subdivision UNITED STATES
942 ## - ADDED ENTRY ELEMENTS (KOHA)
Koha item type Books

No items available.